[Event "IECG CE.2009.0.00108 email"]
[Site "IECG email"]
[Date "2009.03.01"]
[Round "?"]
[White "Hibbs, Robert"]
[Black "Harper, Roy"]
[Result "0-1"]
[WhiteElo "1314"]
[BlackElo "1209"]
[PlyCount "26"]
[EventDate "2009.03.01"]
[EventType "tourn (corr)"]
[EventRounds "6"]
[SourceTitle "Corr 2024"]
[Source "ChessBase"]
[SourceDate "2023.10.19"]
[SourceVersion "1"]
[SourceVersionDate "2023.10.19"]
[SourceQuality "1"]

1. e4 e5 2. Bc4 Nf6 3. d3 c6 4. Bb3 d5 5. Nf3 Bd7 6. Nxe5 Bd6 7. Nxd7 Nbxd7 8. 0-0 dxe4 9. dxe4 Qe7 10. e5 Nxe5 11. f4 Bc5+ 12. Kh1 Neg4 13. Qf3 Ne4 0-1

[Event "IECG CE.2008.0.00104 email"]
[Site "IECG email"]
[Date "2008.03.09"]
[Round "?"]
[White "Hibbs, Robert"]
[Black "Lipsits, Sasha"]
[Result "0-1"]
[WhiteElo "1350"]
[BlackElo "1264"]
[PlyCount "37"]
[EventDate "2008.03.09"]
[EventType "tourn (corr)"]
[EventRounds "6"]
[SourceTitle "Corr 2024"]
[Source "ChessBase"]
[SourceDate "2023.10.19"]
[SourceVersion "1"]
[SourceVersionDate "2023.10.19"]
[SourceQuality "1"]

1. e4 c6 2. d4 d5 3. exd5 cxd5 4. Bd3 Nc6 5. Nf3 Bg4 6. c3 Nf6 7. Bf4 Qb6 8. b3 0-0-0 9. 0-0 h5 10. h3 Bxf3 11. Qxf3 e6 12. a4 Qxb3 13. Nd2 Qxc3 14. Rfc1 Qxd4 15. Bb5 Bd6 16. Be3 Qe5 17. Nb3 Kb8 18. Bxc6 Qh2+ 19. Kf1 0-1

[Event "IECG CD.2007.0.00120 email"]
[Site "IECG email"]
[Date "2007.06.24"]
[Round "?"]
[White "Hibbs, Robert"]
[Black "Maggiora, Aldo"]
[Result "0-1"]
[WhiteElo "1410"]
[BlackElo "1400"]
[PlyCount "42"]
[EventDate "2007.06.24"]
[EventType "tourn (corr)"]
[EventRounds "5"]
[SourceTitle "Corr 2024"]
[Source "ChessBase"]
[SourceDate "2023.10.19"]
[SourceVersion "1"]
[SourceVersionDate "2023.10.19"]
[SourceQuality "1"]

1. e4 d6 2. d4 Nf6 3. Bd3 Nc6 4. c3 e6 5. Nf3 a6 6. Bg5 h6 7. Bh4 Be7 8. a4 Nh5 9. Bxe7 Qxe7 10. Nbd2 Nf4 11. Bf1 e5 12. g3 Nh3 13. d5 Nd8 14. Qb3 0-0 15. Bxh3 Bxh3 16. 0-0-0 b6 17. Nh4 Nb7 18. Nf5 Qf6 19. f4 exf4 20. gxf4 Bxf5 21. exf5 Qxf5 0-1

[Event "IECG CD.2006.0.00116 email"]
[Site "IECG email"]
[Date "2006.12.24"]
[Round "?"]
[White "Abbey, William"]
[Black "Hibbs, Robert"]
[Result "1-0"]
[WhiteElo "1509"]
[BlackElo "1522"]
[PlyCount "53"]
[EventDate "2006.12.24"]
[EventType "tourn (corr)"]
[EventRounds "6"]
[SourceTitle "Corr 2011"]
[Source "ChessBase"]
[SourceDate "2010.08.31"]
[SourceVersion "1"]
[SourceVersionDate "2010.08.31"]
[SourceQuality "1"]

1. e4 c6 2. d4 d5 3. Nd2 dxe4 4. Nxe4 Nd7 5. Ng5 Ngf6 6. Bd3 e6 7. N1f3 Bd6 8. Qe2 h6 9. Ne4 Nxe4 10. Qxe4 Nf6 11. Qh4 Nd5 12. Qxd8+ Kxd8 13. Ne5 Bxe5 14. dxe5 Bd7 15. c4 Ne7 16. Be3 Kc7 17. Bc5 Rhe8 18. Bd6+ Kd8 19. 0-0-0 Nc8 20. Ba3 Kc7 21. Rd2 Nb6 22. Bd6+ Kc8 23. b3 a5 24. Rhd1 a4 25. Bc5 Kc7 26. Bb1 axb3 27. axb3 1-0

[Event "IECG CD.2006.0.00116 email"]
[Site "IECG email"]
[Date "2006.12.24"]
[Round "?"]
[White "Hibbs, Robert"]
[Black "Galkine, Guy"]
[Result "0-1"]
[WhiteElo "1522"]
[BlackElo "1437"]
[PlyCount "32"]
[EventDate "2006.12.24"]
[EventType "tourn (corr)"]
[EventRounds "6"]
[SourceTitle "Corr 2024"]
[Source "ChessBase"]
[SourceDate "2023.10.19"]
[SourceVersion "1"]
[SourceVersionDate "2023.10.19"]
[SourceQuality "1"]

1. e4 e5 2. Bc4 Bc5 3. d3 d6 4. Nc3 Nf6 5. Na4 Bb4+ 6. c3 d5 7. exd5 Bd6 8. b4 0-0 9. Ne2 e4 10. dxe4 Nxe4 11. Bd3 Nf6 12. 0-0 Nxd5 13. Qc2 Qh4 14. Ng3 Nd7 15. Nb2 Ne5 16. Nf5 Nf3+ 0-1

[Event "IECG CD.2006.0.00116 email"]
[Site "IECG email"]
[Date "2006.12.24"]
[Round "?"]
[White "Thurrott, Allan"]
[Black "Hibbs, Robert"]
[Result "1-0"]
[WhiteElo "1350"]
[BlackElo "1522"]
[PlyCount "35"]
[EventDate "2006.12.24"]
[EventType "tourn (corr)"]
[EventRounds "6"]
[SourceTitle "Corr 2011"]
[Source "ChessBase"]
[SourceDate "2010.08.31"]
[SourceVersion "1"]
[SourceVersionDate "2010.08.31"]
[SourceQuality "1"]

1. e4 c6 2. d4 d5 3. e5 Bf5 4. Nf3 Qb6 5. Be2 e6 6. 0-0 Nd7 7. b3 c5 8. c4 Ne7 9. Nc3 a6 10. Be3 cxd4 11. Bxd4 Qd8 12. cxd5 Nxd5 13. Nxd5 exd5 14. Qd2 Be7 15. e6 Bxe6 16. Bxg7 Rg8 17. Qh6 Nf8 18. Rae1 1-0

[Event "IECG QD.2006.0.00096 email"]
[Site "IECG email"]
[Date "2006.11.27"]
[Round "?"]
[White "Hibbs, Robert"]
[Black "Plummer, Martin"]
[Result "1-0"]
[WhiteElo "1522"]
[BlackElo "1500"]
[PlyCount "35"]
[EventDate "2006.11.27"]
[EventType "tourn (corr)"]
[EventRounds "6"]
[SourceTitle "Corr 2011"]
[Source "ChessBase"]
[SourceDate "2010.08.31"]
[SourceVersion "1"]
[SourceVersionDate "2010.08.31"]
[SourceQuality "1"]

1. e4 e5 2. Bc4 Nf6 3. d3 d6 4. Nc3 a6 5. f4 b5 6. Bb3 Bg4 7. Nf3 Nc6 8. h3 Bxf3 9. Qxf3 Nd4 10. Qf2 Be7 11. f5 Nxb3 12. axb3 b4 13. Ne2 d5 14. exd5 Nxd5 15. 0-0 0-0 16. g4 h6 17. Bd2 Bg5 18. Rad1 1-0

[Event "IECG QD.2006.0.00096 email"]
[Site "IECG email"]
[Date "2006.11.27"]
[Round "?"]
[White "James, Michael"]
[Black "Hibbs, Robert"]
[Result "1-0"]
[WhiteElo "1563"]
[BlackElo "1522"]
[PlyCount "51"]
[EventDate "2006.11.27"]
[EventType "tourn (corr)"]
[EventRounds "6"]
[SourceTitle "Corr 2011"]
[Source "ChessBase"]
[SourceDate "2010.08.31"]
[SourceVersion "1"]
[SourceVersionDate "2010.08.31"]
[SourceQuality "1"]

1. e4 c6 2. d4 d5 3. e5 Bf5 4. Nc3 Qb6 5. g4 Bd7 6. Na4 Qc7 7. Bd2 e6 8. Nf3 c5 9. Nxc5 Bxc5 10. dxc5 Qxc5 11. c3 b5 12. Bd3 Ne7 13. h4 a5 14. Qe2 0-0 15. h5 b4 16. h6 g6 17. Be3 Qc7 18. cxb4 axb4 19. Bg5 Nec6 20. 0-0 Qb6 21. Be3 Qb7 22. Bc5 Rd8 23. Qe3 Be8 24. Qf4 Nd7 25. Bd6 Ra4 26. Bc2 1-0

[Event "IECG TG.2006.0.15680 email"]
[Site "IECG email"]
[Date "2006.11.15"]
[Round "1"]
[White "Meetze, Bill"]
[Black "Hibbs, Robert"]
[Result "1-0"]
[WhiteElo "1547"]
[BlackElo "1522"]
[PlyCount "95"]
[EventDate "2006.11.10"]
[EventType "tourn (corr)"]
[EventRounds "6"]
[SourceTitle "Corr 2011"]
[Source "ChessBase"]
[SourceDate "2010.08.31"]
[SourceVersion "1"]
[SourceVersionDate "2010.08.31"]
[SourceQuality "1"]

1. e4 c6 2. Bc4 d5 3. exd5 cxd5 4. Bb5+ Nc6 5. d4 a6 6. Bxc6+ bxc6 7. Nf3 Bg4 8. Qd3 Bxf3 9. Qxf3 e6 10. Qc3 Qb6 11. 0-0 Nf6 12. Qb3 Qc7 13. Qg3 Qxg3 14. fxg3 Be7 15. c3 0-0 16. Bg5 h6 17. Bxf6 Bxf6 18. Nd2 a5 19. Nb3 Be7 20. Rae1 a4 21. Nd2 c5 22. Re2 cxd4 23. cxd4 Rac8 24. Nf3 Rc7 25. Ref2 Bf6 26. g4 Rfc8 27. h4 Rc1 28. Rd2 R1c2 29. Rff2 Rc1+ 30. Rf1 R8c2 31. Rxc1 Rxc1+ 32. Kf2 Rc4 33. g5 hxg5 34. hxg5 Be7 35. Re2 Kh7 36. g6+ fxg6 37. Rxe6 Bf6 38. Ke3 Rc2 39. Ra6 Rxg2 40. Rxa4 Rxb2 41. Ra5 g5 42. Rxd5 Rxa2 43. Nxg5+ Bxg5+ 44. Rxg5 Ra6 45. Ke4 Kh6 46. Rg3 g6 47. d5 Kg7 48. Ke5 1-0

[Event "IECG QD.2006.0.00095 email"]
[Site "IECG email"]
[Date "2006.10.11"]
[Round "?"]
[White "Hibbs, Robert"]
[Black "Hoback, Benjamin"]
[Result "0-1"]
[WhiteElo "1522"]
[BlackElo "1454"]
[PlyCount "58"]
[EventDate "2006.10.11"]
[EventType "tourn (corr)"]
[EventRounds "6"]
[SourceTitle "Corr 2008"]
[Source "ChessBase"]
[SourceDate "2008.06.24"]
[SourceVersion "1"]
[SourceVersionDate "2008.06.24"]
[SourceQuality "1"]

1. e4 e6 2. g3 d5 3. Bg2 dxe4 4. Bxe4 Nf6 5. Bg2 Bc5 6. Qe2 0-0 7. Nh3 Nc6 8. Bxc6 bxc6 9. 0-0 e5 10. Ng5 Bg4 11. Qc4 Qd5 12. Qxd5 cxd5 13. Kg2 e4 14. Nh3 Bf3+ 15. Kg1 Ng4 16. Nc3 d4 17. Nd5 c6 18. Ndf4 h6 19. b3 g5 20. Ng2 f5 21. Bb2 Be2 22. Rfe1 d3 23. c4 Bb4 24. Bc1 Bd6 25. Bb2 f4 26. a4 fxg3 27. hxg3 Bc5 28. Ne3 Nxe3 29. dxe3 Bb4 0-1

[Event "IECG QD.2006.0.00095 email"]
[Site "IECG email"]
[Date "2006.10.11"]
[Round "?"]
[White "Hibbs, Robert"]
[Black "Samardzija, Djordje"]
[Result "1/2-1/2"]
[WhiteElo "1522"]
[BlackElo "1568"]
[PlyCount "54"]
[EventDate "2006.10.11"]
[EventType "tourn (corr)"]
[EventRounds "6"]
[SourceTitle "Corr 2024"]
[Source "ChessBase"]
[SourceDate "2023.10.19"]
[SourceVersion "1"]
[SourceVersionDate "2023.10.19"]
[SourceQuality "1"]

1. e4 e6 2. d4 d5 3. e5 c5 4. c3 Ne7 5. Nf3 Nec6 6. Be2 b6 7. 0-0 Ba6 8. Be3 Bxe2 9. Qxe2 Nd7 10. Nbd2 Be7 11. h3 Qc7 12. Rac1 c4 13. Nh2 0-0-0 14. b3 Na5 15. bxc4 Nxc4 16. Nxc4 Qxc4 17. Qxc4+ dxc4 18. a4 Kb7 19. Nf3 Nb8 20. Nd2 Rc8 21. f4 g6 22. Ra1 Na6 23. Rfb1 Nc7 24. Ne4 Nd5 25. Bd2 Kc6 26. g4 a6 27. Kf2 h5 1/2-1/2

[Event "IECG QD.2006.0.00095 email"]
[Site "IECG email"]
[Date "2006.10.11"]
[Round "?"]
[White "Hoback, Benjamin"]
[Black "Hibbs, Robert"]
[Result "0-1"]
[WhiteElo "1454"]
[BlackElo "1522"]
[PlyCount "62"]
[EventDate "2006.10.11"]
[EventType "tourn (corr)"]
[EventRounds "6"]
[SourceTitle "Corr 2008"]
[Source "ChessBase"]
[SourceDate "2008.06.24"]
[SourceVersion "1"]
[SourceVersionDate "2008.06.24"]
[SourceQuality "1"]

1. e4 c6 2. d4 d5 3. Nc3 dxe4 4. Nxe4 Bf5 5. Ng3 Bg6 6. h4 h6 7. h5 Bh7 8. Nf3 Nd7 9. Bd3 Bxd3 10. Qxd3 e6 11. Bf4 Qa5+ 12. Nd2 Ngf6 13. c4 Bb4 14. Qe2 0-0 15. 0-0 Rfe8 16. a3 Bf8 17. b4 Qd8 18. Rad1 a5 19. c5 Nd5 20. Qf3 Nxf4 21. Qxf4 Nf6 22. Nc4 axb4 23. axb4 Nd5 24. Qd2 b5 25. Ne5 Qc7 26. Ra1 Be7 27. Qb2 Bf6 28. Ne4 Bxe5 29. dxe5 Nf4 30. Nd6 Red8 31. Qc3 Ne2+ 0-1

[Event "IECG QD.2006.0.00095 email"]
[Site "IECG email"]
[Date "2006.10.11"]
[Round "?"]
[White "Samardzija, Djordje"]
[Black "Hibbs, Robert"]
[Result "1-0"]
[WhiteElo "1568"]
[BlackElo "1522"]
[PlyCount "55"]
[EventDate "2006.10.11"]
[EventType "tourn (corr)"]
[EventRounds "6"]
[SourceTitle "Corr 2024"]
[Source "ChessBase"]
[SourceDate "2023.10.19"]
[SourceVersion "1"]
[SourceVersionDate "2023.10.19"]
[SourceQuality "1"]

1. d4 c6 2. e4 d5 3. exd5 cxd5 4. Nf3 Bg4 5. h3 Bh5 6. c4 Nc6 7. g4 Bg6 8. cxd5 Qxd5 9. Nc3 Qe6+ 10. Be3 Nf6 11. d5 Nxd5 12. Qxd5 Qxd5 13. Nxd5 0-0-0 14. Nc3 Kb8 15. a3 e6 16. Be2 Be7 17. 0-0 h5 18. g5 f6 19. Rfd1 a6 20. gxf6 gxf6 21. Rxd8+ Rxd8 22. Rd1 Rxd1+ 23. Bxd1 Bf5 24. Kg2 Bd3 25. Bb3 e5 26. Bf7 e4 27. Nh4 Ne5 28. Bxh5 1-0